00320 a2200109 450000500170000002000180001710000150003524500440005025000110009426000480010530000570015320250612124050.0 a0-275-70195-9 aJACQUES, I aMathematics for Economics and Business a5th Ed aNew YorkbPearson Education limitedc2006 a683p.: ill; Graph, TablebGlossary and Indexc25.5cm